000 00444nam a2200181Ia 4500
001 18012
005 20260306171559.0
008 260306s9999||||xx |||||||||||||| ||und||
041 _aESP
082 _a658.3124
_bH22
100 _aHarvard Business Review Press
_eAUT
245 0 _aCéntrate en el trabajo importante
260 _c2016
300 _a202 páginas :
_c23 cm.
650 _aGEN
654 _aCAN
942 _cLIB
_dJUS
_fJUS
_2ddc
_n
999 _c18012
_d18012